| 000 | 00569nam a22002057a 4500 | ||
|---|---|---|---|
| 003 | OSt | ||
| 005 | 20240626122101.0 | ||
| 008 | 240626b |||||||| |||| 00| 0 eng d | ||
| 020 | _a9780415303439 | ||
| 040 | _cMUST | ||
| 082 | _a315 KNI 2009 | ||
| 100 |
_aKnight, Peter _918058 |
||
| 245 |
_aLearning curriculum and Employabilitity in Higher Education _cPeter Knight |
||
| 260 |
_aLondon _bRoutledge _c2004 |
||
| 300 | _aviii,241p; | ||
| 504 | _aIndexes and References included | ||
| 650 | _2Employabilitity | ||
| 700 |
_aYorke Mantz _912808 |
||
| 942 |
_2ddc _cO_SHELF |
||
| 999 |
_c8922 _d8922 |
||